Biblioteca y Centro de Documentación

Encuentro Anual de C.E.S. 2008 (Registro nro. 22874)

Detalles MARC
000 -CABECERA
Longitud fija campo de control 01599nam a2200325 c 4500
001 - NÚMERO DE CONTROL
Número de control 22874
003 - IDENTIFICADOR DE NÚMERO DE CONTROL
Identificador del número de control ES-MaCES
005 - FECHA Y HORA DE LA ÚLTIMA TRANSACCIÓN
Fecha y hora de la última transacción 20141221122818.0
008 - CAMPO FIJO DE DESCRIPCIÓN FIJA--INFORMACIÓN GENERAL
Códigos de información de longitud fija   100226s2009 sp o t o100 | spa d
035 ## - NÚMERO DE CONTROL DEL SISTEMA
Número de control del sistema CES20100001551m
040 ## - FUENTE DE CATALOGACIÓN
Centro catalogador de origen ES-MaCES
Lengua de catalogación spa
Centro transcriptor ES-MaCES
111 2# - ENCABEZAMIENTO PRINCIPAL--NOMBRE DE REUNIÓN
Nombre de congreso o jurisdicción como elemento de entrada Encuentro Anual de Presidentes y Secretarios Generales de los CES de las Comunidades Autónomas y de España
Fecha del congreso 2008
Unidad subordinada 1ª Reunión (Santiago de Compostela)
-- 2ª Reunión (Baiona, Pontevedra)
9 (RLIN) 1123
245 10 - MENCIÓN DE TÍTULO
Título Encuentro Anual de C.E.S. 2008
Resto del título : 1ª Reunión, 9, 10 y 11 de abril, Santiago de Compostela, 2ª Reunión, 15, 16 y 17 de octubre, Baiona (Pontevedra)
Mención de responsabilidad, etc. [Encuentro Anual de Presidentes y Secretarios Generales de los CES Autonómicos y de España, 2008 ; organizado por el Consello Económico y Social de Galicia]
260 ## - PUBLICACIÓN, DISTRIBUCIÓN, ETC (PIE DE IMPRENTA)
Lugar de publicación, distribución, etc. [Santiago de Compostela]
Nombre del editor, distribuidor, etc. CES Galicia
Fecha de publicación, distribución, etc. [2009?]
300 ## - DESCRIPCIÓN FÍSICA
Extensión 247 p.
Otras características físicas fot. col.
Dimensiones 24 cm
Material anejo 1 CD-ROM
500 ## - NOTA GENERAL
Nota general Tít. tomado de la cub
500 ## - NOTA GENERAL
Nota general Publ. simultáneamente en CD-ROM
541 ## - NOTA DE LA FUENTE INMEDIANTE DE ADQUISICIÓN
Forma de adquisición Gratuito
650 #4 - ASIENTO SECUNDARIO DE MATERIA--TÉRMINO DE MATERIA
Término de materia o nombre geográfico como elemento inicial Consejos Económicos y Sociales
9 (RLIN) 30859
650 #4 - ASIENTO SECUNDARIO DE MATERIA--TÉRMINO DE MATERIA
Término de materia o nombre geográfico como elemento inicial España
9 (RLIN) 26964
650 #4 - ASIENTO SECUNDARIO DE MATERIA--TÉRMINO DE MATERIA
Término de materia o nombre geográfico como elemento inicial Comunidades Autónomas
9 (RLIN) 30768
650 #4 - ASIENTO SECUNDARIO DE MATERIA--TÉRMINO DE MATERIA
Término de materia o nombre geográfico como elemento inicial conferencia
9 (RLIN) 27013
650 #4 - ASIENTO SECUNDARIO DE MATERIA--TÉRMINO DE MATERIA
Término de materia o nombre geográfico como elemento inicial CD ROM
9 (RLIN) 30331
653 10 - TÉRMINO DE INDEXACIÓN--NO CONTROLADO
Término no controlado Administración-Instituciones públicas
710 2# - ENCABEZAMIENTO SECUNDARIO--NOMBRE CORPORATIVO
Nombre de entidad o nombre de jurisdicción como elemento inicial Consejo Económico y Social de Extremadura
9 (RLIN) 2436
787 0# - ENTRADA DE OTRAS ESPECIFICACIONES
Título I Encuentro en Extremadura de Presidentes y Secretarios Generales de los CES de las Comunidades Autónomas y de España
Número de control del registro relacionado (ES-MaCES)21802
902 ## - CES. TIPO DE DOCUMENTO
Tipodoc (006$c Sirtex) LIB Libro
942 ## - ELEMENTOS KOHA
Fuente de clasificaión o esquema Clasificación propia del CES
Koha [por defecto] tipo de item Monografías
Parte de clasificación 6.3.
Existencias
Número de registro Signatura completa Tipo de item de Koha
076312 CES GALICIA-35 Monografías
076349 SR-CD-930 Monografías
© CES, Consejo Económico y Social de España 2021